000 00570nam a2200217Ia 4500
008 160803s9999 xx 000 0 und d
020 _a0 439636175
100 _aEckart, Edana
245 _aGiant pandas /
245 _cby Gail Gibbons.
260 _aNew York :
260 _bScholastic Inc.
260 _c2003
300 _aunnumbered pages :
300 _bcolor illustrations ;
300 _c21 cm
500 _aOriginally published: New York : Holiday House, c2002.
650 _aGiant panda --
650 _xJuvenile literature.
700 _a490
999 _c299229
_d299229